Normal view
MARC view
Entry Topical Term
001 - CONTROL NUMBER
- control field: 42534
003 - CONTROL NUMBER IDENTIFIER
- control field: dpl
005 - DATE AND TIME OF LATEST TRANSACTION
- control field: 20120218095138.0
008 - FIXED-LENGTH DATA ELEMENTS
- fixed length control field: 120218|||a|||||| | ||| d
040 ## - CATALOGING SOURCE
- Original cataloging agency: dpl
- Transcribing agency: dpl
150 ## - HEADING--TOPICAL TERM
- Topical term or geographic name as entry element: Statistic
670 ## - SOURCE DATA FOUND
- Source citation: Work cat.: (dpl): गिरधर 42533, श्रीमद्देवी भागवत महापुराण /, 1999
670 ## - SOURCE DATA FOUND
- Source citation: Work cat.: (dpl): गिरधर 42533, श्रीमद्देवी भागवत महापुराण /, 1999
